000 00412cam a22001337a 4500
008 180718b1992 xxu||||| |||| 00| 0 eng d
082 _aT19x5491 F49
100 _aHamid, Naved
245 _aIndustrial incentive structure: a need for reform
260 _aKarachi
_bOxford
_c1992
300 _ap 297-312
500 _a[In] Financing Pakistan's development in the 1990s, edited by Anjum Nasim
650 _aIndustry
999 _c367926
_d367926